| 000 | 01614cam a2200457 i 4500 | ||
|---|---|---|---|
| 999 |
_c219568 _d219568 |
||
| 001 | 18890856 | ||
| 003 | ASAB | ||
| 005 | 20170214113742.0 | ||
| 008 | 151210s2015 enka b 001 0 eng c | ||
| 010 | _a 2015458537 | ||
| 016 | 7 |
_a101662454 _2DNLM |
|
| 020 | _a9781910190036 (hardback) | ||
| 020 | _a1910190039 (hardback) | ||
| 020 | _z9781910190043 (ebook) | ||
| 035 | _a(OCoLC)ocn893898582 | ||
| 040 |
_aNLM _beng _cASAB _erda _dBTCTA _dYDXCP _dCOO _dOCLCF _dDLC |
||
| 042 | _apcc | ||
| 050 | 0 | 0 |
_aQR189 _b.A37 2015 |
| 060 | 0 | 0 | _a2015 G-026 |
| 060 | 1 | 0 | _aQW 805 |
| 082 | 0 | 0 |
_a615.3/72 _223 |
| 245 | 0 | 0 |
_aAdvanced vaccine research : _bmethods for the decade of vaccines / _cedited by Fabio Bagnoli and Rino Rappuoli. |
| 264 | 1 |
_aNorfolk, UK : _bCaister Academic Press, _c[2015] |
|
| 300 |
_axiii, 455, A-12 pages : _billustrations ; _c26 cm |
||
| 336 |
_atext _btxt _2rdacontent |
||
| 337 |
_aunmediated _bn _2rdamedia |
||
| 338 |
_avolume _bnc _2rdacarrier |
||
| 504 | _aIncludes bibliographical references and index. | ||
| 650 | 0 |
_aVaccines _xResearch. |
|
| 650 | 0 | _aDrug development. | |
| 650 | 1 | 2 | _aVaccines. |
| 650 | 2 | 2 | _aBiomedical Research. |
| 650 | 2 | 2 | _aDrug Design. |
| 650 | 2 | 2 | _aImmunity, Active. |
| 650 | 2 | 2 | _aVaccination. |
| 650 | 7 |
_aDrug development. _2fast _0(OCoLC)fst00898670 |
|
| 650 | 7 |
_aVaccines _xResearch. _2fast _0(OCoLC)fst01163584 |
|
| 700 | 1 |
_aBagnoli, Fabio, _eeditor. |
|
| 700 | 1 |
_aRappuoli, Rino, _eeditor. |
|
| 906 |
_a7 _bcbc _cpccadap _d2 _encip _f20 _gy-gencatlg |
||
| 942 |
_2ddc _cBK |
||